000 01011nam a22001815i 4500
001 160007
003 ES-MaACL
005 20230906211918.0
008 981211m18601877fr |||| | fre d
040 _aCCPB | B
_bspa
_cCCPB | B
100 1 _aMontalembert, Charles Forbes
_ccomte de (
_d1810-1870)
_9130077
245 1 4 _aLes moines d'Occident depuis Saint Benoist jusquá Saint Bernard /
_cpar le Comte de Montalembert.
260 _aParis :
_bJacques Lecoffre et Cie,
_c1860-1877.
300 _a7 v. ;
_c22 cm.
597 _aAntep.
650 0 4 _aMonacato-
_vHistoria.
_915139
852 _aES-MaACL
_jF-5437-43
_z-- Enc. hol.
_x-- Edic.: 7 v. -- El imp. de los t.I-II es: Imprimerie de J. Claye; el de los t.III-V : Imp. Simon Raçon et comp. y el de los t.VI-VII: Typographie Lahure -- Contiene: T.I (CCXCII, 282 p.) y T.II (587 p.) - Conversion de l'Angleterre par les moines: T.III, 1866 (504 p., [1] h. pleg. de mapa), T.IV, 1867 (505 p.) y T.V, 1867 (411 p.) - T.VI, 1877 (646 p.) - T.VII, 1877 (712 p.)
999 _c160007
_d160007